[Event "Kremenchug Grokhotov Memorial"]
[Site "Kremenchug"]
[Date "2011.01.07"]
[Round "10"]
[White "Lyapka, Ruslan"]
[Black "Kononenko, Dmitry1"]
[Result "1-0"]
[WhiteElo "2236"]
[BlackElo "2317"]
[PlyCount "93"]
[EventDate "2011.01.02"]
[EventType "tourn"]
[EventRounds "11"]
[EventCountry "UKR"]
[EventCategory "4"]
[SourceTitle "CBM 140 Extra"]
[Source "ChessBase"]
[SourceDate "2011.03.01"]
[SourceVersion "1"]
[SourceVersionDate "2011.03.01"]
[SourceQuality "1"]

1. e4 c6 2. d4 d5 3. Nc3 dxe4 4. Nxe4 Bf5 5. Ng3 Bg6 6. Nf3 Nd7 7. h4 h6 8. h5 Bh7 9. Bd3 Bxd3 10. Qxd3 Ngf6 11. Bd2 e6 12. 0-0-0 Qc7 13. Rh4 Bd6 14. Ne2 0-0-0 15. c4 c5 16. Nc3 a6 17. d5 exd5 18. cxd5 Rhe8 19. Qf5 Kb8 20. g4 Ne5 21. g5 hxg5 22. Bxg5 Qd7 23. Qxd7 Rxd7 24. Ng1 Neg4 25. Nh3 Re5 26. f3 Rxg5 27. Nxg5 Bf4+ 28. Kb1 Bxg5 29. Rxg4 Nxg4 30. fxg4 Kc7 31. Ne4 Be3 32. g5 Bd4 33. Nc3 Kd6 34. h6 gxh6 35. gxh6 f5 36. Rh1 Rh7 37. Rh5 Ke5 38. Kc2 Be3 39. d6 Rxh6 40. d7 Rd6 41. Rh7 b5 42. Re7+ Kf4 43. a4 b4 44. Ne2+ Kf3 45. Ng3 Kxg3 46. Rxe3+ Kf2 47. Rd3 1-0